| 000 | 00606nam a22002057a 4500 | ||
|---|---|---|---|
| 003 | LK-CoMWRAF | ||
| 005 | 20231222131817.0 | ||
| 008 | 231013b2003 |||||||| |||| 00| 0 eng d | ||
| 022 | _a09591680 | ||
| 040 |
_aLK-CoMWRAF _dLK-CoMWRAF _eLK-CoMWRAF |
||
| 041 | _aeng | ||
| 082 |
_a920.72 _bINT |
||
| 245 | _aInternational who's who of professional and business women | ||
| 250 | _a9th ed. | ||
| 260 |
_aCambridge: _bInternational Biographical Centre, _c2003 |
||
| 650 | _aWOMEN EXECUTIVES-Periodicals | ||
| 650 | _aWomen executives -- Biography | ||
| 650 | _aBusinesswomen -- Periodicals | ||
| 942 | _cBK | ||
| 999 |
_c3839 _d3839 |
||